Normal view
MARC view
- Educación preescolar
Entry Materia
Number of records used in: 125
001 - NÚMERO DE CONTROL DEL REGISTRO
- campo de control: 4039
003 - IDENTIFICADOR DE NUMERO DE CONTROL
- campo de control: MX-MxUPN
005 - FECHA Y HORA DE LA ÚLTIMA TRANSACCIÓN
- campo de control: 20231011162513.0
008 - DATOS DE LONGITUD FIJA
- campo de control de longitud fija: 231011n||acnnnbabn | ana |d
035 ## - NÚMERO DE CONTROL DEL SISTEMA
- Número de control del sistema: UPN10000004039
040 ## - FUENTE DE LA CATALOGACIÓN
- Centro catalogador de origen: MX-MxUPN
- Lengua de catalogación: spa
- Agencia de transcripción: MX-MxUPN
150 ## - ENCABEZAMIENTO - TEMÁTICO
- Término de materia o nombre geográfico como elemento inicial: Educación preescolar
- Subdivisión geográfica: México
- Subdivisión de materia general: Planes y programas
450 ## - VÉASE - MATERIA
- Encabezamiento temático: Educación preescolar -
- Subdivisión de forma: Planes y programas -
- Subdivisión geográfica: México
670 ## - FUENTE EN LA QUE SE LOCALIZARON DATOS
- Cita de la fuente: E/P
902 ## - CATALOGADOR
- Catalogador: MMA/061196
